Key Words. Book 1: Starter

Tallennettuna:
Bibliografiset tiedot
Päätekijä: Nguyễn Thị Thanh Hương
Aineistotyyppi: Tuntematon
Kieli:English
Julkaistu: Nhân Trí Việt 2012
Aiheet:
Tagit: Lisää tagi
Ei tageja, Lisää ensimmäinen tagi!
Thư viện lưu trữ: Mạng thư viện Đại học Đà Nẵng
LEADER 01082ca a2200313 4500
001 000031342
003 5982
005 20151029000000.0
008 151001s2012 000 eng
041 |a eng 
082 |a 420.4  |b NG-H 
100 |a Nguyễn Thị Thanh Hương 
245 |a Key Words. Book 1: Starter  |c Nguyễn Thị Thanh Hương 
260 |a Nhân Trí Việt  |c 2012 
300 |a 444 : mh ;20m 
650 |a Key, Book one, Book 1, word, Ielts, 2012, Nguyễn Thị Thanh Hương, Key Words 
852 |b Chuyên đề  |c Tiếng Anh tham khảo 1 
OWN |a LNN 
AVA |a UDN50  |b LNN  |d 420.4 NG-H  |e available  |t Error 5001 Not defined in file expand_doc_bib_avail.  |f 2  |g 0  |h N  |i 1  |k 1 
999 |a From the UDN01 
AVA |a UDN50  |b LNN  |d 420.4 NG-H  |e available  |t Error 5001 Not defined in file expand_doc_bib_avail.  |f 2  |g 0  |h N  |i 1  |k 1 
TYP |a Printed language 
980 |a Mạng thư viện Đại học Đà Nẵng